000 01240naa a22003737a 4500
001 BR7602421
003 BR-BrBNA
005 20240918173824.0
007 ta
008 230509b bl.||||| |||| 00| 0 por d
040 _aBR-BrBNA
_bpor
_cBiblioteca Nacional de Agricultura
041 _a(Pt)
072 _aP12
_b/G514
090 _aP12 BR7602421
100 1 _aAyala, P.G. de
111 1 _a3. Seminario Nacional de Irrigacao e Drenagem
_cFortaleza, CE (Brazil)
_d16 Nov 1975
245 1 _aIrrigacao coletiva por aspersao a partir de pocos: problemas e solucoes [Nordeste; Brasil]
260 3 _aFortaleza, CE (Brasil):
_c1976.
500 _aAnais do 3. Seminario Nacional de Irrigacao e Drenagem Fortaleza, CE (Brasil): 1976. p. 125-130 (BR7602421-AM)P12
650 _aIrrigacao
650 _aAgua
650 _aBarragem
650 _aBomba
650 _aBomba d'agua
650 _aElevacao d'agua
650 _aEvaporacao
650 _aPorosidade
650 _aRendimento
650 _aUmidade
650 _aNordeste
773 0 _tAnais do 3. Seminario Nacional de Irrigacao e Drenagem
_b
_wP12 BR7602421
_gFortaleza, CE (Brasil), 1976. p. 125-130
909 _a202404
_bLucia
_c55
_dLucia Elande
942 _cAM
_2AGRIS
999 _c307123
_d307123